| 000 | 00663nam a22002657a 4500 | ||
|---|---|---|---|
| 003 | UA-OsUOA | ||
| 001 | 58808 | ||
| 007 | ta | ||
| 008 | 20090226b un ||||| |||| 00| 0 ukr d | ||
| 100 | _aВечканов Г.С. | ||
| 700 | _aВечканова Г.Р. | ||
| 090 |
_a330.101.541 _bВ39 |
||
| 942 | _cBK | ||
| 040 |
_aUA-OsUOA _brus _cUA-OsUOA _dUA-OsUOA |
||
| 245 | _aМакроэкономика | ||
| 300 | _a544 с. | ||
| 955 | _a2 | ||
| 041 | _arus | ||
| 080 | _a330.101.541 | ||
| 020 | _a5-469-00058-3 | ||
| 260 |
_aМ. _bПитер _c2006 |
||
| 250 | _n2-е изд. | ||
| 650 | 7 |
_a330 Економіка взагалі _2UDC |
|
| 999 |
_c344841 _d344841 |
||